Introduction to statistical quality control
Na minha lista:
| Autor principal: | |
|---|---|
| Formato: | Livro |
| Idioma: | inglês |
| Publicado em: |
Hoboken
John Wiley and Sons
2013
|
| Edição: | 7a. ed |
| Assuntos: | |
| Tags: |
Adicionar Tag
Sem tags, seja o primeiro a adicionar uma tag!
|
MARC
| LEADER | 00000cam a2200000 a 4500 | ||
|---|---|---|---|
| 001 | UCE5610 | ||
| 003 | CL-VaPUC | ||
| 008 | 150123e20130000us |||||||||||||||||eng|d | ||
| 020 | |a 9781118146811 | ||
| 082 | 0 | 4 | |a 658.562 |b MON |2 21 |
| 100 | |a Montgomery, Douglas C. |e author |9 602209 | ||
| 245 | 1 | 0 | |a Introduction to statistical quality control |
| 250 | |a 7a. ed | ||
| 300 | |a 754 p | ||
| 942 | |c BK | ||
| 945 | |d 20150123 15:06:00 |a arojas | ||
| 260 | |a Hoboken |b John Wiley and Sons |c 2013 | ||
| 650 | 0 | |a Control de calidad |9 259714 | |
| 650 | 0 | |a Métodos estadísticos |9 259407 | |
| 650 | 0 | |a Costos |9 261063 | |
| 650 | 7 | |a PROCESOS DE CALIDAD |2 CL-VaPUC |9 355271 | |
| 583 | |a last modification |c 20150326 12:26:58 |k Rodrigo Vera | ||
| 999 | |c 358271 |d 358269 | ||
| 952 | |0 0 |1 0 |2 ddc |3 erd |4 0 |6 658_562000000000000_MON_2013 |7 0 |8 A |9 466884 |a BIBING |b BIBING |c RES |i 5136164 |o 658.562 MON 2013 |p 5136164 |r 2025-01-20 |w 2019-11-23 |y BK |z Catalogado en:20150123 |k EII | ||